Price adjustment formulae for building contracts: Amendment no.1 to Guide to application and procedure May 1979 (Record no. 85955)

MARC details
000 -LEADER
fixed length control field 00675cam a2200205 4500
001 - CONTROL NUMBER
control field D4507
008 - FIXED-LENGTH DATA ELEMENTS--GENERAL INFORMATION
fixed length control field 090401t1980 xxu||||| |||| 00| 0 eng d
035 ## - SYSTEM CONTROL NUMBER
System control number (Sirsi) u3879
041 ## - LANGUAGE CODE
Language code of text/sound track or separate title eng
050 ## - LIBRARY OF CONGRESS CALL NUMBER
Classification number 692.80212
110 ## - MAIN ENTRY--CORPORATE NAME
Corporate name or jurisdiction name as entry element United Kingdom
Subordinate unit Property Services Agency
9 (RLIN) 1138
245 ## - TITLE STATEMENT
Title Price adjustment formulae for building contracts: Amendment no.1 to Guide to application and procedure May 1979
260 ## - PUBLICATION, DISTRIBUTION, ETC.
Place of publication, distribution, etc. London
Name of publisher, distributor, etc. HMSO
Date of publication, distribution, etc. 1980
300 ## - PHYSICAL DESCRIPTION
Extent 7p. 30cm
350 ## - PRICE (NR) (BK AM CF MU VM SE) [OBSOLETE]
Price 0
490 ## - SERIES STATEMENT
Series statement Series
Volume/sequential designation 2
520 ## - SUMMARY, ETC.
Summary, etc. Cover title: Produced on behalf of the National Consultative Council Working Group on Indices for Building Contracts
942 ## - ADDED ENTRY ELEMENTS (KOHA)
Suppress in OPAC 0
948 ## - LOCAL PROCESSING INFORMATION (OCLC); SERIES PART DESIGNATOR (RLIN)
c (OCLC) 04/03/1997
Holdings
Withdrawn status Lost status Source of classification or shelving scheme Damaged status Not for loan Home library Current library Shelving location Date acquired Total Checkouts Full call number Barcode Date last seen Copy number Price effective from Koha item type
    Dewey Decimal Classification     London London Basement 14/09/1999   BASEMENT 30018591 06/08/2019 1 06/08/2019 Reference material